[Event "DVM U12 2016"]
[Site "Magdeburg GER"]
[Date "2016.12.28"]
[Round "4"]
[White "Weihrauch, Jakob"]
[Black "Schubert, Nikita"]
[Result "1-0"]
[Termination "normal"]
[Board "2.2"]
[WhiteElo "1848"]
[BlackElo "1792"]
[WhiteClock "00:51:14"]
[BlackClock "00:37:59"]
[WhiteTeam "Hamburger SK"]
[BlackTeam "ESV Gera"]
[PlyCount "57"]
[WhiteFideId "16210115"]
[BlackFideId "16212339"]
[EventCountry "GER"]
[EventRounds "7"]
[EventType "team-swiss"]
[EventDate "2016.12.26"]

1. e4 e5 2. Nf3 Nc6 3. Bb5 a6 4. Ba4 Nf6 5. d3 b5 6. Bb3 Be7 7. a3 d6 8. O-O
O-O 9. Nc3 Bd7 10. Nd5 h6 11. Nxf6+ Bxf6 12. h3 Na7 13. Nh2 c5 14. Ng4 Nc6 15.
f4 exf4 16. Bxf4 Ne5 17. Nxf6+ Qxf6 18. Qh5 Rad8 19. Bxe5 Qxe5 20. Bxf7+ Kh8
21. Qxe5 dxe5 22. Rf2 Be8 23. Bd5 Rf6 24. Raf1 Rdd6 25. Rf5 Bd7 26. Rxe5 Rxf1+
27. Kxf1 Rf6+ 28. Ke2 Rg6 29. g4 1-0

[Event "DVM U12 2016"]
[Site "Magdeburg GER"]
[Date "2016.12.28"]
[Round "4"]
[White "Müller, Magnus"]
[Black "Fuhrmann, Philipp"]
[Result "1/2-1/2"]
[Termination "normal"]
[Board "2.3"]
[WhiteElo "1599"]
[BlackElo "1466"]
[WhiteClock "00:28:32"]
[BlackClock "00:22:47"]
[WhiteTeam "ESV Gera"]
[BlackTeam "Hamburger SK"]
[PlyCount "40"]
[WhiteFideId "16230060"]
[BlackFideId "16227557"]
[EventCountry "GER"]
[EventRounds "7"]
[EventType "team-swiss"]
[EventDate "2016.12.26"]

1. e4 e5 2. Nf3 Nc6 3. Bc4 Bc5 4. c3 Nf6 5. d4 exd4 6. e5 d5 7. Bb5 Nd7 8. cxd4
Bb4+ 9. Nc3 Nb6 10. a3 Be7 11. h3 Be6 12. O-O h6 13. Be3 Qd7 14. Rc1 a6 15.
Bxc6 Qxc6 16. a4 Qd7 17. b3 c6 18. Na2 a5 19. Nh2 O-O 20. f4 f6 1/2-1/2

[Event "DVM U12 2016"]
[Site "Magdeburg GER"]
[Date "2016.12.28"]
[Round "4"]
[White "von Krosigk, Florian"]
[Black "Helmsdorf, Marius"]
[Result "1-0"]
[Termination "normal"]
[Board "2.4"]
[WhiteElo "1627"]
[BlackElo "1301"]
[WhiteClock "00:24:25"]
[BlackClock "00:08:57"]
[WhiteTeam "Hamburger SK"]
[BlackTeam "ESV Gera"]
[PlyCount "115"]
[WhiteFideId "16227808"]
[BlackFideId "16274873"]
[EventCountry "GER"]
[EventRounds "7"]
[EventType "team-swiss"]
[EventDate "2016.12.26"]

1. e4 c6 2. Nc3 d5 3. Nf3 dxe4 4. Nxe4 Nd7 5. d4 Ngf6 6. Ng3 Nb6 7. Bd3 Bg4 8.
c3 e6 9. h3 Bxf3 10. Qxf3 Qc7 11. O-O Bd6 12. Ne4 Be7 13. Bf4 Qd7 14. Rad1 Qd5
15. b3 Nxe4 16. Bxe4 Qd7 17. c4 Bd6 18. Be3 Bc7 19. Rfe1 O-O 20. Bc1 Bd8 21.
Bb2 Bf6 22. Qd3 h6 23. f4 Rfe8 24. g4 Rad8 25. Qg3 Qe7 26. Re2 c5 27. Red2 Qd6
28. Qf2 cxd4 29. Bxd4 Bxd4 30. Rxd4 Qe7 31. Rxd8 Rxd8 32. Rxd8+ Qxd8 33. Bxb7
Qd3 34. Kg2 f5 35. Bf3 fxg4 36. hxg4 Qg6 37. Kh2 Qf6 38. Kg3 Qg6 39. a4 Qd3 40.
a5 Qxb3 41. axb6 axb6 42. Qe2 Kf7 43. Qf2 Qxc4 44. Qxb6 Qd3 45. Qb7+ Kg6 46.
Qe4+ Qxe4 47. Bxe4+ Kf6 48. Kh4 g5+ 49. fxg5+ hxg5+ 50. Kh5 Ke5 51. Bb1 Kf4 52.
Bc2 e5 53. Bb1 e4 54. Bxe4 Kxe4 55. Kxg5 Ke5 56. Kh6 Kf6 57. g5+ Ke7 58. g6 1-0

[Event "DVM U12 2016"]
[Site "Magdeburg GER"]
[Date "2016.12.28"]
[Round "4"]
[White "Pahl, Erik"]
[Black "Gallasch, Jonas"]
[Result "1-0"]
[Termination "normal"]
[Board "3.1"]
[WhiteElo "1741"]
[BlackElo "1709"]
[WhiteClock "00:36:23"]
[BlackClock "00:06:11"]
[WhiteTeam "Delmenhorster SK"]
[BlackTeam "SG Porz"]
[PlyCount "119"]
[WhiteFideId "16201272"]
[BlackFideId "16222474"]
[EventCountry "GER"]
[EventRounds "7"]
[EventType "team-swiss"]
[EventDate "2016.12.26"]

1. e4 c6 2. d4 d5 3. Nd2 dxe4 4. Nxe4 Bf5 5. Ng3 Bg6 6. h4 h6 7. Nf3 Nd7 8. h5
Bh7 9. Bd3 Bxd3 10. Qxd3 e6 11. Bf4 Qa5+ 12. Bd2 Bb4 13. Ne4 Bxd2+ 14. Nfxd2
Qc7 15. Nc4 Ne7 16. Ncd6+ Kf8 17. Qg3 Rd8 18. O-O-O Nf6 19. Nxf6 Qxd6 20. Qxd6
Rxd6 21. Ne4 Rd8 22. c3 Nf5 23. Kc2 Ke7 24. Rhe1 Nd6 25. Nxd6 Rxd6 26. Re5 b6
27. Rde1 Rhd8 28. R1e2 R8d7 29. f3 Kf6 30. g4 Rd5 31. f4 Ke7 32. Rxd5 Rxd5 33.
Re5 g6 34. Kd3 gxh5 35. gxh5 f6 36. Rxd5 exd5 37. f5 Kd6 38. a4 c5 39. b4 a6
40. b5 Kc7 41. bxa6 Kb8 42. c4 dxc4+ 43. Kxc4 cxd4 44. Kxd4 Ka7 45. Kd5 Kxa6
46. Ke6 Ka5 47. Kxf6 Kxa4 48. Ke5 b5 49. f6 b4 50. f7 b3 51. f8=Q b2 52. Qb8
Ka3 53. Kd4 Ka2 54. Qa7+ Kb3 55. Qb6+ Kc2 56. Qc5+ Kb3 57. Qb5+ Kc2 58. Qa4+
Kd2 59. Qa2 Kc1 60. Kc3 1-0

[Event "DVM U12 2016"]
[Site "Magdeburg GER"]
[Date "2016.12.28"]
[Round "4"]
[White "Parshykov, Edgar"]
[Black "Pahl, Theis"]
[Result "1/2-1/2"]
[Termination "normal"]
[Board "3.2"]
[WhiteElo "1578"]
[BlackElo "1729"]
[WhiteClock "00:02:47"]
[BlackClock "00:03:33"]
[WhiteTeam "SG Porz"]
[BlackTeam "Delmenhorster SK"]
[PlyCount "101"]
[WhiteFideId "16222458"]
[BlackFideId "16201264"]
[EventCountry "GER"]
[EventRounds "7"]
[EventType "team-swiss"]
[EventDate "2016.12.26"]

1. e4 c5 2. Nf3 e6 3. d3 Nc6 4. Qe2 Be7 5. g3 d6 6. Bg2 Nf6 7. O-O O-O 8. Bf4
d5 9. e5 Nd7 10. c4 Nb6 11. Nc3 a6 12. Rad1 Qc7 13. cxd5 Nxd5 14. Nxd5 exd5 15.
Ng5 Nd4 16. Qh5 Bxg5 17. Qxg5 Bh3 18. Rfe1 Bxg2 19. Kxg2 Ne6 20. Qg4 Qb6 21.
Bc1 Rfe8 22. f4 Nd4 23. Rf1 Qe6 24. Qxe6 Rxe6 25. Be3 Nf5 26. Bf2 d4 27. Rc1
Rb6 28. Rc2 Rd8 29. Kf3 Rc6 30. Rfc1 Rdc8 31. a3 Ne7 32. g4 f6 33. exf6 gxf6
34. Re1 Kf7 35. Rec1 Kg6 36. f5+ Kf7 37. h3 b6 38. Re1 c4 39. Bxd4 cxd3 40. Rd2
Rd8 41. Bg1 Rcd6 42. Bh2 Rc6 43. Red1 Rc2 44. Bf4 Rxd2 45. Rxd2 h5 46. Bc7
hxg4+ 47. hxg4 Rc8 48. Bxb6 Nc6 49. b4 Ne5+ 50. Ke4 Nc4 51. Rh2 1/2-1/2

[Event "DVM U12 2016"]
[Site "Magdeburg GER"]
[Date "2016.12.28"]
[Round "4"]
[White "Sinnhöfer, Joshua"]
[Black "Kogan, Gabriel"]
[Result "1-0"]
[Termination "normal"]
[Board "3.3"]
[WhiteElo "1486"]
[BlackElo "1467"]
[WhiteClock "01:06:42"]
[BlackClock "00:55:55"]
[WhiteTeam "Delmenhorster SK"]
[BlackTeam "SG Porz"]
[PlyCount "57"]
[WhiteFideId "16201361"]
[BlackFideId "16238265"]
[EventCountry "GER"]
[EventRounds "7"]
[EventType "team-swiss"]
[EventDate "2016.12.26"]

1. e4 e5 2. Nf3 Nc6 3. Bc4 Bc5 4. c3 Nf6 5. d4 exd4 6. cxd4 Bb4+ 7. Bd2 Nxe4 8.
Bxb4 Nxb4 9. Qb3 d5 10. Qxb4 dxc4 11. O-O Qd6 12. Qxc4 O-O 13. Nc3 Bf5 14. Nh4
Nd2 15. Nxf5 Nxc4 16. Nxd6 Nxd6 17. b3 c6 18. Rfe1 Rfe8 19. Kf1 Nf5 20. Rad1
Rad8 21. d5 Rxe1+ 22. Kxe1 Kf8 23. Ke2 Ke7 24. Kf3 Kf6 25. g4 Nd6 26. dxc6 bxc6
27. g5+ Kxg5 28. Ne4+ Kf5 29. Rxd6 1-0

[Event "DVM U12 2016"]
[Site "Magdeburg GER"]
[Date "2016.12.28"]
[Round "4"]
[White "Noever, Niklas"]
[Black "Toval, David"]
[Result "1-0"]
[Termination "normal"]
[Board "4.1"]
[WhiteElo "1648"]
[BlackElo "1739"]
[WhiteClock "00:12:27"]
[BlackClock "00:12:31"]
[WhiteTeam "Rheydter SV"]
[BlackTeam "SK Münster"]
[PlyCount "103"]
[WhiteFideId "12988642"]
[BlackFideId "12992755"]
[EventCountry "GER"]
[EventRounds "7"]
[EventType "team-swiss"]
[EventDate "2016.12.26"]

1. e4 c5 2. Nc3 a6 3. d3 b5 4. g3 Bb7 5. Bg2 e6 6. Nh3 Nc6 7. O-O Nge7 8. Be3
Ng6 9. Ne2 d5 10. f4 d4 11. Bf2 Bd6 12. c3 e5 13. Be1 Qb6 14. Kh1 Nf8 15. fxe5
Bxe5 16. Nhf4 Qd8 17. cxd4 Nxd4 18. Nxd4 Bxd4 19. Qe2 Qe7 20. Bc3 Rd8 21. Rae1
Bxc3 22. bxc3 Ng6 23. Qe3 Nxf4 24. gxf4 O-O 25. d4 Rfe8 26. e5 Bxg2+ 27. Kxg2
cxd4 28. cxd4 Qd7 29. Rd1 Qd5+ 30. Qf3 Qxa2+ 31. Rf2 Qd5 32. Qxd5 Rxd5 33. Ra2
Ra8 34. Rda1 h6 35. Rxa6 Rxa6 36. Rxa6 Rxd4 37. Ra8+ Kh7 38. Kf3 Rd1 39. Ke2
Rh1 40. Rb8 Rxh2+ 41. Kd3 Rb2 42. f5 b4 43. e6 fxe6 44. fxe6 Rb3+ 45. Kd4 Rb1
46. e7 Rd1+ 47. Kc4 Rc1+ 48. Kd3 Re1 49. e8=Q Rxe8 50. Rxe8 h5 51. Ke3 b3 52.
Rb8 1-0

[Event "DVM U12 2016"]
[Site "Magdeburg GER"]
[Date "2016.12.28"]
[Round "4"]
[White "Kamp, Adrian"]
[Black "Leßmann, Sönke"]
[Result "1-0"]
[Termination "normal"]
[Board "4.2"]
[WhiteElo "1751"]
[BlackElo "1579"]
[WhiteClock "00:16:54"]
[BlackClock "00:03:51"]
[WhiteTeam "SK Münster"]
[BlackTeam "Rheydter SV"]
[PlyCount "67"]
[WhiteFideId "16222466"]
[BlackFideId "16222520"]
[EventCountry "GER"]
[EventRounds "7"]
[EventType "team-swiss"]
[EventDate "2016.12.26"]

1. e4 e5 2. d4 exd4 3. Nf3 Nc6 4. Bc4 Bc5 5. c3 Nf6 6. cxd4 Bb4+ 7. Nbd2 d5 8.
exd5 Nxd5 9. O-O O-O 10. a3 Bxd2 11. Bxd2 Nb6 12. Bg5 Qd6 13. Ba2 h6 14. Bh4
Bg4 15. Bg3 Qd7 16. d5 Ne7 17. Ne5 Bxd1 18. Nxd7 Nxd7 19. Rfxd1 Nf5 20. Bxc7
Rac8 21. Rac1 Rfe8 22. Bb1 g6 23. Bxf5 gxf5 24. Kf1 Kg7 25. Rc3 Kg6 26. a4 b6
27. b4 Re4 28. Rc6+ Kh7 29. Bd6 Rc4 30. b5 Kg7 31. Bf4 f6 32. Re1 R8xc6 33.
bxc6 Rxf4 34. cxd7 1-0

[Event "DVM U12 2016"]
[Site "Magdeburg GER"]
[Date "2016.12.28"]
[Round "4"]
[White "Bartels, Simon"]
[Black "Schröder, Lennart"]
[Result "0-1"]
[Termination "normal"]
[Board "4.3"]
[WhiteElo "1631"]
[BlackElo "1503"]
[WhiteClock "00:00:31"]
[BlackClock "00:23:54"]
[WhiteTeam "Rheydter SV"]
[BlackTeam "SK Münster"]
[PlyCount "78"]
[WhiteFideId "12990140"]
[BlackFideId "16222490"]
[EventCountry "GER"]
[EventRounds "7"]
[EventType "team-swiss"]
[EventDate "2016.12.26"]

1. e4 c5 2. Nc3 Nc6 3. g3 g6 4. d3 Bg7 5. Bg2 d6 6. Nh3 e6 7. O-O Nge7 8. Be3
O-O 9. Qd2 f5 10. Rab1 Rb8 11. f4 b5 12. Ne2 Nb4 13. a3 Nbc6 14. e5 Nd5 15. c4
Nxe3 16. Qxe3 Qc7 17. cxb5 Rxb5 18. Rfc1 Qd7 19. b4 dxe5 20. Rxc5 Rxc5 21. bxc5
exf4 22. Nhxf4 Nd4 23. Rc1 e5 24. Bd5+ Kh8 25. Nxd4 exf4 26. Qf3 Bxd4+ 27. Kg2
fxg3 28. hxg3 Qb5 29. Qe2 Re8 30. Qc2 Re5 31. Rb1 Qd7 32. Bf3 Rxc5 33. Qe2 Qe6
34. Qxe6 Bxe6 35. Rb8+ Kg7 36. Rb7+ Kh6 37. Re7 Bd5 38. Rd7 Rc2+ 39. Kh3 Bg1
0-1

[Event "DVM U12 2016"]
[Site "Magdeburg GER"]
[Date "2016.12.28"]
[Round "4"]
[White "Van Lindt, Raffael"]
[Black "Reyer, Moritz"]
[Result "1-0"]
[Termination "normal"]
[Board "4.4"]
[WhiteElo "1049"]
[BlackElo "1019"]
[WhiteClock "00:09:49"]
[BlackClock "00:18:22"]
[WhiteTeam "SK Münster"]
[BlackTeam "Rheydter SV"]
[PlyCount "57"]
[WhiteFideId "12998834"]
[EventCountry "GER"]
[EventRounds "7"]
[EventType "team-swiss"]
[EventDate "2016.12.26"]

1. e4 e5 2. Nf3 Nc6 3. Bc4 Bc5 4. c3 Nf6 5. d3 d6 6. a4 a6 7. Nbd2 Bg4 8. Nf1
d5 9. exd5 Nxd5 10. Ng3 f5 11. Qe2 Be7 12. h3 Bxf3 13. Qxf3 f4 14. Nf5 g6 15.
Bxd5 gxf5 16. Qh5+ Kd7 17. Qxf5+ Kd6 18. Qe6+ Kc5 19. b4+ Kb6 20. a5+ Ka7 21.
Bxc6 bxc6 22. Qxc6 Rb8 23. g3 Rc8 24. gxf4 exf4 25. Bxf4 Re8 26. Be3+ Bc5 27.
Qxc5+ Kb7 28. b5 Re6 29. Qa7# 1-0

[Event "DVM U12 2016"]
[Site "Magdeburg GER"]
[Date "2016.12.28"]
[Round "4"]
[White "Zeuner, Ole"]
[Black "Sulayev, Daniel"]
[Result "0-1"]
[Termination "normal"]
[Board "5.1"]
[WhiteElo "1701"]
[BlackElo "1934"]
[WhiteTeam "Schachzwerge Magdeburg"]
[BlackTeam "Schachpinguine Berlin"]
[PlyCount "76"]
[WhiteFideId "12943576"]
[BlackFideId "12977675"]
[EventCountry "GER"]
[EventRounds "7"]
[EventType "team-swiss"]
[EventDate "2016.12.26"]

1. e4 d6 2. d4 Nf6 3. Nc3 g6 4. Be3 Bg7 5. Qd2 Ng4 6. Bg5 h6 7. Bh4 Nd7 8. Nf3
c5 9. Bc4 cxd4 10. Nxd4 Nge5 11. Bb3 Nc5 12. O-O Nxb3 13. axb3 Nc6 14. Nxc6
bxc6 15. f4 Bd7 16. f5 g5 17. Bg3 Qc7 18. Rae1 Qb6+ 19. Kh1 Qd4 20. Qe2 Be5 21.
Bf2 Qb4 22. Qd3 c5 23. Nd5 Qb7 24. c3 Bc6 25. Kg1 e6 26. fxe6 fxe6 27. Ne3 Bxe4
28. Qd1 O-O-O 29. Qg4 Rhe8 30. Ra1 d5 31. Ra3 Qg7 32. Rfa1 Rd7 33. Ra6 Qf7 34.
Qe2 Rf8 35. Ng4 Qh5 36. Bxc5 Bxh2+ 37. Kh1 Bd6+ 38. Kg1 Bxc5+ 0-1

[Event "DVM U12 2016"]
[Site "Magdeburg GER"]
[Date "2016.12.28"]
[Round "4"]
[White "Morczynski, Joachim"]
[Black "Morgenstern, Tobias"]
[Result "1-0"]
[Termination "normal"]
[Board "5.2"]
[WhiteElo "1645"]
[BlackElo "1436"]
[WhiteTeam "Schachpinguine Berlin"]
[BlackTeam "Schachzwerge Magdeburg"]
[PlyCount "35"]
[WhiteFideId "16209745"]
[BlackFideId "12974390"]
[EventCountry "GER"]
[EventRounds "7"]
[EventType "team-swiss"]
[EventDate "2016.12.26"]

1. e4 e5 2. Nc3 Nf6 3. f4 d5 4. fxe5 Nxe4 5. Nf3 Bc5 6. d4 Bb4 7. Bd3 Nxc3 8.
bxc3 Bxc3+ 9. Bd2 Bxa1 10. Qxa1 O-O 11. O-O Be6 12. Qe1 Nc6 13. Bxh7+ Kh8 14.
Ng5 Qxg5 15. Bxg5 Kxh7 16. Rf3 Kg8 17. Qh4 Rac8 18. Rg3 1-0

[Event "DVM U12 2016"]
[Site "Magdeburg GER"]
[Date "2016.12.28"]
[Round "4"]
[White "Joppich, Til"]
[Black "Franz, Franz Theodor"]
[Result "0-1"]
[Termination "normal"]
[Board "5.3"]
[WhiteElo "1483"]
[BlackElo "1341"]
[WhiteTeam "Schachzwerge Magdeburg"]
[BlackTeam "Schachpinguine Berlin"]
[PlyCount "70"]
[WhiteFideId "16232917"]
[BlackFideId "12992674"]
[EventCountry "GER"]
[EventRounds "7"]
[EventType "team-swiss"]
[EventDate "2016.12.26"]

1. e4 e5 2. Nf3 Nc6 3. Bc4 Nf6 4. d4 exd4 5. Ng5 d5 6. exd5 b5 7. Qe2+ Be7 8.
Bxb5 Qxd5 9. O-O h6 10. Nf3 Rb8 11. Nxd4 Bd7 12. Nxc6 Bxc6 13. Bxc6+ Qxc6 14.
Nc3 Kf8 15. Rb1 Bb4 16. Bd2 g6 17. f4 Kg7 18. Qf3 Qc4 19. a3 Bd6 20. Rfe1 Rhd8
21. Be3 Bc5 22. Bxc5 Qxc5+ 23. Kh1 Rd2 24. Rbc1 Qd6 25. Red1 Rxb2 26. h3 Rxd1+
27. Rxd1 Qxa3 28. f5 Qe7 29. fxg6 fxg6 30. Qd3 Rb8 31. Rf1 Rd8 32. Qa6 Rd2 33.
Qc4 Rxc2 34. Qd4 Qd6 35. Qe3 Rb2 0-1

[Event "DVM U12 2016"]
[Site "Magdeburg GER"]
[Date "2016.12.28"]
[Round "4"]
[White "Rosenhain, Jonathan"]
[Black "Heutling, Elina"]
[Result "0-1"]
[Termination "normal"]
[Board "5.4"]
[WhiteElo "1222"]
[BlackElo "1383"]
[WhiteTeam "Schachpinguine Berlin"]
[BlackTeam "Schachzwerge Magdeburg"]
[PlyCount "132"]
[WhiteFideId "16212169"]
[BlackFideId "16244729"]
[EventCountry "GER"]
[EventRounds "7"]
[EventType "team-swiss"]
[EventDate "2016.12.26"]

1. e4 e5 2. Nf3 Nc6 3. Bc4 Bc5 4. O-O Nf6 5. d4 Bxd4 6. Nxd4 Nxd4 7. Re1 d6 8.
h3 Be6 9. Bd3 Qd7 10. c3 Nc6 11. Bg5 O-O-O 12. Nd2 Rdg8 13. a4 h6 14. Be3 g5
15. b4 g4 16. h4 g3 17. f3 Ne7 18. b5 Ng6 19. a5 Kb8 20. b6 a6 21. Rb1 c5 22.
Qe2 Qc8 23. Nc4 Rd8 24. Rf1 d5 25. exd5 Bxd5 26. Bxg6 fxg6 27. Nxe5 Rdg8 28.
Bf4 Ka8 29. Qd3 g5 30. Bxg3 gxh4 31. Bxh4 Qh3 32. Ng6 Rxg6 33. Qxg6 Qxh4 34. g3
Qg5 35. Qxg5 hxg5 36. g4 Kb8 37. Rbe1 Kc8 38. Kf2 Kd7 39. Ke3 Kc6 40. Rb1 Rh3
41. Rbc1 Nxg4+ 42. Ke2 Bc4+ 43. Kd2 Bxf1 44. Rxf1 Ne5 45. Ke2 Kb5 46. f4 gxf4
47. Rxf4 Rxc3 48. Re4 Nc4 49. Re7 Nxa5 50. Kd2 Rc4 51. Kd3 Kxb6 52. Re6+ Kb5
53. Re2 Nb3 54. Rb2 Kb4 55. Rb1 a5 56. Rb2 a4 57. Rc2 Rxc2 58. Kxc2 Kc4 59. Kb2
Kd3 60. Kb1 c4 61. Kb2 c3+ 62. Kb1 c2+ 63. Ka2 a3 64. Kxa3 c1=Q+ 65. Kxb3 Qc4+
66. Ka3 Qb5 0-1

[Event "DVM U12 2016"]
[Site "Magdeburg GER"]
[Date "2016.12.28"]
[Round "4"]
[White "Marschall, Tillmann"]
[Black "Jakob, Georg"]
[Result "0-1"]
[Termination "normal"]
[Board "6.1"]
[WhiteElo "1669"]
[BlackElo "1778"]
[WhiteTeam "SG Trier"]
[BlackTeam "SG Königskinder Hohentübingen"]
[PlyCount "122"]
[WhiteFideId "12973220"]
[BlackFideId "16224221"]
[EventCountry "GER"]
[EventRounds "7"]
[EventType "team-swiss"]
[EventDate "2016.12.26"]

1. e4 c5 2. Nc3 Nc6 3. f4 d6 4. Nf3 g6 5. Bc4 Bg7 6. d3 e6 7. O-O Nge7 8. f5
exf5 9. Qe1 h6 10. Qh4 Na5 11. Bb5+ Bd7 12. Bxd7+ Kxd7 13. Qg3 a6 14. Bf4 Bxc3
15. bxc3 g5 16. Bxd6 f4 17. Bxf4 gxf4 18. Qxf4 Nac6 19. Qxf7 Qc7 20. Qc4 Na5
21. Qa4+ b5 22. Qa3 Rag8 23. d4 Ng6 24. Rad1 Kc8 25. d5 Kb7 26. d6 Qb6 27. Rf2
Nf4 28. Kh1 Nc4 29. Qc1 Ne6 30. e5 Qa5 31. Rd3 Rf8 32. Qe1 Qxa2 33. Rd1 Nb6 34.
Qe4+ Ka7 35. d7 Nd8 36. Rfd2 Qc4 37. Qe3 Ne6 38. Rd6 Qg4 39. Rc6 Nc4 40. Qd3
Nf4 41. Qf1 Ne6 42. Ra1 a5 43. Qf2 Kb7 44. Rxc5 Nxc5 45. Qxc5 Qxd7 46. Rb1 Ka6
47. Nd4 Rb8 48. e6 Qd6 49. Qh5 Qe5 50. Qf3 Qd6 51. Qh5 Na3 52. Rd1 Rbd8 53. Re1
Rde8 54. Rd1 Qb6 55. Qe5 Nc4 56. Qe4 a4 57. Qe1 Rhg8 58. Rb1 Qb7 59. Qe2 Nd6
60. Rb4 Ka5 61. Kg1 Rg6 0-1

[Event "DVM U12 2016"]
[Site "Magdeburg GER"]
[Date "2016.12.28"]
[Round "4"]
[White "Wang, Xinyuan"]
[Black "Metzdorf, Matteo"]
[Result "1-0"]
[Termination "normal"]
[Board "6.2"]
[WhiteElo "1688"]
[BlackElo "1308"]
[WhiteTeam "SG Königskinder Hohentübingen"]
[BlackTeam "SG Trier"]
[PlyCount "157"]
[WhiteFideId "16221494"]
[BlackFideId "16209869"]
[EventCountry "GER"]
[EventRounds "7"]
[EventType "team-swiss"]
[EventDate "2016.12.26"]

1. d4 d5 2. c4 e6 3. Nc3 Nf6 4. cxd5 exd5 5. Bg5 Be7 6. e3 c6 7. Bd3 O-O 8.
Nge2 Nbd7 9. Qc2 Re8 10. O-O-O a5 11. f3 b5 12. e4 dxe4 13. fxe4 h6 14. Bf4 Nb6
15. d5 b4 16. Na4 Nxa4 17. Qxa4 c5 18. e5 Nxd5 19. Bb5 Rf8 20. Bc6 Bd7 21. Bxd7
Nxf4 22. Nxf4 Qc7 23. Rhe1 Bg5 24. g3 Rad8 25. h4 Bxf4+ 26. gxf4 c4 27. Re2 c3
28. Rc2 Qc5 29. Re1 cxb2+ 30. Kb1 Qd4 31. e6 fxe6 32. Bxe6+ Kh8 33. Qb5 Qxf4
34. Qe5 Qf3 35. Rg1 Rd1+ 36. Rxd1 Qxd1+ 37. Kxb2 Qf3 38. Bc4 Rd8 39. Be2 Qf7
40. h5 Qf6 41. Qxf6 gxf6 42. Bg4 Kg7 43. Rc7+ Kf8 44. Rc8 Rxc8 45. Bxc8 Ke7 46.
Kb3 Kd6 47. Ka4 Ke5 48. Kxa5 f5 49. Kxb4 f4 50. Bb7 Kd4 51. a4 Ke3 52. a5 f3
53. Bxf3 Kxf3 54. a6 Kg4 55. a7 Kxh5 56. a8=Q Kg5 57. Qh1 h5 58. Kc3 Kg4 59.
Kd2 h4 60. Ke2 Kg3 61. Kf1 h3 62. Kg1 Kg4 63. Qh2 Kh4 64. Kf2 Kg4 65. Qg3+ Kf5
66. Qxh3+ Ke5 67. Qf3 Kd4 68. Qe3+ Kd5 69. Kf3 Kc4 70. Ke4 Kb5 71. Qc3 Kb6 72.
Kd5 Kb7 73. Kd6 Kb6 74. Qc6+ Ka5 75. Qb7 Ka4 76. Kc5 Ka3 77. Kc4 Ka2 78. Kc3
Ka1 79. Qb2# 1-0

[Event "DVM U12 2016"]
[Site "Magdeburg GER"]
[Date "2016.12.28"]
[Round "4"]
[White "Felten, Maximilian"]
[Black "Aptyka, Tim"]
[Result "1/2-1/2"]
[Termination "normal"]
[Board "6.3"]
[WhiteElo "1612"]
[BlackElo "1524"]
[WhiteTeam "SG Trier"]
[BlackTeam "SG Königskinder Hohentübingen"]
[PlyCount "180"]
[WhiteFideId "4004949"]
[BlackFideId "16255860"]
[EventCountry "GER"]
[EventRounds "7"]
[EventType "team-swiss"]
[EventDate "2016.12.26"]

1. e4 c5 2. Nc3 a6 3. f4 e6 4. Nf3 Be7 5. a4 Nc6 6. Bc4 Qc7 7. d3 Nd4 8. O-O
Nh6 9. Be3 Nc6 10. Qe1 f5 11. h3 Nb4 12. Rc1 fxe4 13. dxe4 O-O 14. Qf2 Nf7 15.
Ra1 e5 16. Nxe5 d6 17. Nxf7 Rxf7 18. Bxf7+ Kxf7 19. Qd2 Be6 20. b3 Kg8 21. f5
Bf7 22. Rac1 Rd8 23. Bg5 d5 24. Bf4 Qb6 25. e5 d4 26. Ne4 c4 27. e6 Be8 28. Kh1
c3 29. Qf2 Nd5 30. Qg3 Nxf4 31. Qxf4 Bc6 32. f6 Rf8 33. f7+ Kh8 34. Qg4 Bd5 35.
Ng5 h6 36. Nf3 Bxe6 37. Qxd4 Qxd4 38. Nxd4 Bxf7 39. Rce1 Bf6 40. Nf3 Kg8 41.
Ne5 Be6 42. Ng6 Re8 43. Nf4 Bd7 44. Rxe8+ Bxe8 45. Nd5 Bd4 46. Rf4 Ba7 47. Nxc3
Bg6 48. Ne4 Bb8 49. Nf6+ gxf6 50. Rxf6 Bxc2 51. Rb6 Be4 52. Re6 Bc6 53. Rxh6
Kg7 54. Re6 Kf7 55. Re3 Kf6 56. Rc3 Be5 57. Rd3 b5 58. axb5 Bxb5 59. Rf3+ Kg5
60. Kg1 Bd4+ 61. Kh2 Bc6 62. Rd3 Be5+ 63. g3 Bb5 64. h4+ Kg4 65. Re3 Bb8 66.
Re4+ Kf3 67. Re6 Bxg3+ 68. Kg1 Bxh4 69. Rh6 Bg5 70. Rh3+ Kg4 71. Rc3 Kf4 72.
Kg2 Ke4 73. Kf2 Bh4+ 74. Kg2 Kd4 75. Rc8 Be1 76. Kf3 Bb4 77. Kf4 a5 78. Kg5 Bd3
79. Kf6 Ke3 80. Kf7 Kd2 81. Ke6 Bc2 82. Ra8 Bxb3+ 83. Kd7 a4 84. Kc6 a3 85. Kb5
Kc3 86. Rc8+ Kb2 87. Kxb4 a2 88. Ra8 Ba4 89. Rxa4 a1=Q 90. Rxa1 Kxa1 1/2-1/2

[Event "DVM U12 2016"]
[Site "Magdeburg GER"]
[Date "2016.12.28"]
[Round "4"]
[White "Dunder, Tim"]
[Black "Kirschweng, Luca"]
[Result "0-1"]
[Termination "normal"]
[Board "6.4"]
[WhiteElo "1198"]
[BlackElo "1186"]
[WhiteTeam "SG Königskinder Hohentübingen"]
[BlackTeam "SG Trier"]
[PlyCount "86"]
[BlackFideId "16262514"]
[EventCountry "GER"]
[EventRounds "7"]
[EventType "team-swiss"]
[EventDate "2016.12.26"]

1. e4 e6 2. d4 d5 3. e5 c5 4. c3 Nc6 5. Nf3 Qb6 6. Be2 Nge7 7. O-O Nf5 8. dxc5
Bxc5 9. Bd3 O-O 10. Bxf5 exf5 11. Qxd5 Be6 12. Qd1 Rad8 13. Qe2 Rd7 14. Rd1
Rxd1+ 15. Qxd1 Bxf2+ 16. Kh1 Rd8 17. Qe2 Bd5 18. Nbd2 Qe3 19. Qf1 Bxf3 20. Nxf3
Qc5 21. Bg5 Re8 22. Rd1 h6 23. Bf4 g5 24. Bg3 Bxg3 25. hxg3 Nxe5 26. Nxe5 Qxe5
27. Qf2 Qe2 28. Qd4 Qxb2 29. Qd7 Kf8 30. Qd5 Kg8 31. Qd7 Rf8 32. Qxf5 Qxc3 33.
Qd7 Qxg3 34. Qxb7 Qh4+ 35. Kg1 Qa4 36. Rd2 Qa3 37. Rc2 Qe3+ 38. Kh2 Qf4+ 39.
Kg1 Rb8 40. Rc8+ Rxc8 41. Qxc8+ Kg7 42. Qc3+ f6 43. Qc7+ Qxc7 0-1

[Event "DVM U12 2016"]
[Site "Magdeburg GER"]
[Date "2016.12.28"]
[Round "4"]
[White "Hetzner, Hannes"]
[Black "Kosev, Momchil"]
[Result "0-1"]
[Termination "normal"]
[Board "7.1"]
[WhiteElo "1558"]
[BlackElo "1769"]
[WhiteTeam "SC Erlangen"]
[BlackTeam "Erfurter SK"]
[PlyCount "46"]
[WhiteFideId "16211936"]
[BlackFideId "12975982"]
[EventCountry "GER"]
[EventRounds "7"]
[EventType "team-swiss"]
[EventDate "2016.12.26"]

1. e4 c5 2. Nf3 d6 3. d4 cxd4 4. Nxd4 Nf6 5. Nc3 a6 6. Bg5 e6 7. f4 Be7 8. Qf3
Nbd7 9. O-O-O Qc7 10. g4 b5 11. h4 Bb7 12. Bxf6 Nxf6 13. g5 Nd7 14. g6 hxg6 15.
h5 g5 16. Rg1 gxf4 17. Rxg7 Bf6 18. Rg2 Be5 19. Nce2 Nf6 20. Rh2 Bxe4 21. Qb3
f3 22. Nxf3 Bxh2 23. Nxh2 Rxh5 0-1

[Event "DVM U12 2016"]
[Site "Magdeburg GER"]
[Date "2016.12.28"]
[Round "4"]
[White "Seinsoth, Paul"]
[Black "Högner, Tom"]
[Result "1-0"]
[Termination "normal"]
[Board "7.2"]
[WhiteElo "1391"]
[BlackElo "1550"]
[WhiteTeam "Erfurter SK"]
[BlackTeam "SC Erlangen"]
[PlyCount "51"]
[WhiteFideId "12994634"]
[BlackFideId "12995436"]
[EventCountry "GER"]
[EventRounds "7"]
[EventType "team-swiss"]
[EventDate "2016.12.26"]

1. c4 e5 2. Nc3 Nf6 3. g3 d5 4. cxd5 Nxd5 5. Bg2 Be6 6. e3 Nc6 7. Nge2 Bb4 8.
O-O Qd7 9. d4 Bxc3 10. Nxc3 exd4 11. exd4 O-O-O 12. Be3 Ndb4 13. a3 Nd5 14. Rc1
Bg4 15. Qc2 Nxe3 16. fxe3 a6 17. d5 Na7 18. Qb3 Kb8 19. d6 c6 20. Rxf7 Qc8 21.
Rc7 Qxc7 22. dxc7+ Kxc7 23. Na4 Nb5 24. Qf7+ Rd7 25. Qf4+ Kc8 26. Nb6+ 1-0